Latin America / (Record no. 28293)
[ view plain ]
| 000 -LEADER | |
|---|---|
| fixed length control field | 01105cam a22003135i 4500 |
| 001 - CONTROL NUMBER | |
| control field | BJC2452BB |
| 003 - CONTROL NUMBER IDENTIFIER | |
| control field | EG-ScBUE |
| 005 - DATE AND TIME OF LATEST TRANSACTION | |
| control field | 20200309103721.0 |
| 008 - FIXED-LENGTH DATA ELEMENTS--GENERAL INFORMATION | |
| fixed length control field | 750129r19621961enkb f b 000 0 eng d |
| 035 ## - SYSTEM CONTROL NUMBER | |
| System control number | (InU)BJC2452BB |
| 035 ## - SYSTEM CONTROL NUMBER | |
| System control number | (OCoLC)ocm01155816 |
| 040 ## - CATALOGING SOURCE | |
| Original cataloging agency | EG-ScBUE |
| Language of cataloging | eng |
| Description conventions | rda |
| Transcribing agency | YOM |
| Modifying agency | OCL |
| -- | RQQ |
| -- | EG-ScBUE |
| 082 04 - DEWEY DECIMAL CLASSIFICATION NUMBER | |
| Classification number | 918 |
| Item number | ROB |
| Edition number | 22 |
| 100 1# - MAIN ENTRY--PERSONAL NAME | |
| Personal name | Robinson, H. |
| Fuller form of name | (Harry), |
| Dates associated with a name | 1915- |
| Relator term | author. |
| 245 00 - TITLE STATEMENT | |
| Title | Latin America / |
| Statement of responsibility, etc | H. Robinson, B. A., M. Ed., Ph.D., Lecturer in charge of Geography and Geology, Huddersfield College of Technology. |
| 250 ## - EDITION STATEMENT | |
| Edition statement | Reprinted edition. |
| 264 #1 - PUBLICATION, DISTRIBUTION, ETC. (IMPRINT) | |
| Place of publication, distribution, etc | London : |
| Name of publisher, distributor, etc | Macdonald & Evans, |
| Date of publication, distribution, etc | 1962. |
| 300 ## - PHYSICAL DESCRIPTION | |
| Extent | 466 pages : |
| Other physical details | illustrations ; |
| Dimensions | 23 cm. |
| 336 ## - CONTENT TYPE | |
| Content type term | text |
| Content type code | txt |
| Source | rdacontent |
| 337 ## - MEDIA TYPE | |
| Media type term | unmediated |
| Media type code | n |
| Source | rdamedia |
| 338 ## - CARRIER TYPE | |
| Carrier type term | volume |
| Carrier type code | nc |
| Source | rdacarrier |
| 490 0# - SERIES STATEMENT | |
| Series statement | New certificate geography series. |
| -- | Advanced level |
| 504 ## - BIBLIOGRAPHY, ETC. NOTE | |
| Bibliography, etc | Includes bibliographical references and index. |
| 651 #7 - SUBJECT ADDED ENTRY--GEOGRAPHIC NAME | |
| Geographic name | Latin America |
| General subdivision | Description and travel. |
| Source of heading or term | BUEsh |
| 653 ## - INDEX TERM--UNCONTROLLED | |
| Resource For college | Generalities |
| Arrived date list | March2020 |
| 942 ## - ADDED ENTRY ELEMENTS (KOHA) | |
| Source of classification or shelving scheme | Dewey Decimal Classification |
| Koha item type | Book - Borrowing |
| 998 ## - LOCAL CONTROL INFORMATION (RLIN) | |
| Operator\'s initials, OID (RLIN) | 1/7/1994 |
| Cataloger\'s initials, CIN (RLIN) | 3/12/1992 |
| Withdrawn status | Lost status | Source of classification or shelving scheme | Damaged status | Not for loan | Collection code | Home library | Current library | Shelving location | Date acquired | Source of acquisition | Total Checkouts | Full call number | Barcode | Date last seen | Price effective from | Koha item type |
|---|---|---|---|---|---|---|---|---|---|---|---|---|---|---|---|---|
| Dewey Decimal Classification | unknown | Central Library | Central Library | Second Floor | 09/03/2020 | Purchase | 918 ROB | 000048933 | 15/07/2025 | 09/03/2020 | Book - Borrowing |